000 04507nab a2200349 i 4500
003 BR-BrBNA
005 20250917195235.0
008 250917b2021 bl.ar|pooa||| 00| 0 eng |
040 _aBR-BrBNA
_beng
072 _aF60
072 _aF40
072 _aP33
100 _aLins, Lays
100 _aSilva-Pinheiro, Juliana Da
100 _aCorreia, Ricardo A.
100 _aEndres, Laurício
100 _aMalhado, Ana Cláudia Mendes
100 _aMoura Filho, Gilson
100 _aMoura, Flávia de Barros Prado
100 _aJustino, Gilberto Costa
245 _aEnvironmental factors driving plant trait distributions in coastal zones of Atlantic Forest
500 _aPublicação on-line; Bibliography p. 10-12 (55 ref.); 5 tables; 3 illus.; Summaries (En, Pt)
520 _a Abstract Environmental filtering has been defined as the effect of environmental gradients on species in a plant community and can be the dominant driver of community assembly. Here, we evaluate the relationship between plant communities and the environment in the Restinga vegetation. For this, we measured 11 functional traits of plant species present along transects covering a marked edaphic environmental gradient. This gradient was characterized through Principal Component Analysis of soil characteristics. The relationships between the edaphic gradient and functional traits were evaluated using linear models. Finally, we compared the contributions of species turnover and intraspecific variation to among-site variation in functional traits. The gradients associated with soil nutrients (PCA axis 1) and soil acidity and organic matter (PCA axis 2) were then used to test the observed changes in community composition and were significant predictors of the distribution of water potential, leaf dry matter content and K content, height and chlorophyll index. Decomposing the total variation in the distribution of functional traits between species turnover and intraspecific variation revealed that species turnover explains a greater proportion of the observed variation. We conclude that community assembly is strongly limited by environmental filters and mediated by functional traits at the species level. Key words: assembly rules, community composition, dune, functional trait, Restinga, turnover. Resumo A filtragem ambiental é o efeito dos gradientes ambientais nas espécies e pode ser o principal fator de montagem de comunidades de plantas. Aqui, avaliamos a relação entre comunidades vegetais e o solo na vegetação Restinga do nordeste do Brasil. Para isso, medimos 11 características funcionais das espécies vegetais presentes ao longo dos transectos, cobrindo um gradiente ambiental marcado. Este gradiente foi caracterizado através da Análise de Componentes Principais (PCA) da composição química do solo. As relações entre o gradiente edáfico e as características funcionais foram avaliadas usando modelos lineares. Finalmente, comparamos as contribuições da substituição de espécies e variação intraespecífica na comunidade vegetal. Os gradientes associados aos nutrientes do solo (eixo 1 da PCA) e acidez do solo e matéria orgânica (eixo 2 da PCA) foram então utilizados para testar as mudanças observadas na composição da comunidade e uma relação significativa foi encontrada com o eixo 2. Os eixos foram preditores significativos da distribuição da altura, teor de clorofila, potencial hídrico, massa seca e teor de K. A decomposição da variação total na distribuição de características funcionais entre a rotatividade de espécies e a variação intraespecífica revelou que a rotatividade de espécies explica uma proporção maior da variação observada. Concluímos que a montagem da comunidade é fortemente limitada por filtros ambientais e mediada por características funcionais no nível das espécies. Palavras-chaves: regras de montagem, estrutura da comunidade, duna, atributos funcionais, Restinga, variação interespecífica.
650 _aCONDIÇÃO AMBIENTAL
650 _aPLANTA
650 _aRESTINGA
650 _aSOLO
773 0 _0709
_9357347
_dRio de Janeiro-RJ Jardim Botanico do Rio de Janeiro 1935
_o2025-5311
_tRodriguésia (Brazil)
_x0370-6583; 2175-7860 on-line
_gv. 72 p. 1-12; (2021)
_wBR2025002315
856 _uhttps://www.scielo.br/j/rod/a/w6QkCRYQXT9mRYTqKs5pYDf/?format=pdf&lang=en
942 _cANA
999 _c338243
_d338243